FC 26 Cornerstones - Statistics

General Stats
  • This quiz has been taken 10 times
    6 since last reset
  • The average score is 28 of 50
Answer Stats
rat pos club player % Correct
Cornerstones 88 CAM Manchester United Bruno Fernandes
100%
Cornerstones 88 CAM Chelsea Cole Palmer
100%
Cornerstones 88 ST Al-Nassr Cristiano Ronaldo
100%
Cornerstones 89 CAM Liverpool Florian Wirtz
100%
Cornerstones 86 LM Bayern Munich Luis Díaz
100%
Cornerstones 86 CDM Arsenal Martin Zubimendi
100%
Cornerstones 86 ST Real Sociedad Mikel Oyarzabal
100%
Cornerstones 87 LM Athletic Bilbao Nico Williams
100%
Cornerstones 87 CM Manchester City Tijjani Reijnders
100%
Cornerstones 87 RB Real Madrid Trent Alexander-Arnold
100%
Cornerstones 86 LB FC Barcelona Alejandro Balde
75%
Cornerstones 85 CDM VfB Stuttgart Angelo Stiller
75%
Cornerstones 87 LW Barça Femení Clàudia Pina
75%
Cornerstones 85 CB Atlético Madrid David Hancko
75%
Cornerstones 89 CM Real Madrid Federico Valverde
75%
Cornerstones 85 RB Napoli Giovanni Di Lorenzo
75%
Cornerstones 86 CM Paris Saint-Germain João Neves
75%
Cornerstones 85 GK Everton Jordan Pickford
75%
Cornerstones 86 RM Borussia Dortmund Karim Adeyemi
75%
Cornerstones 85 CM Juventus Khéphren Thuram
75%
Cornerstones 85 CM Atalanta Marten De Roon
75%
Cornerstones 88 CB Chelsea Women Millie Bright
75%
Cornerstones 85 CAM Como Nico Paz
75%
Cornerstones 85 RM Bologna Riccardo Orsolini
75%
Cornerstones 84 RB Girona Arnau Martínez
50%
Cornerstones 85 CM Lyon Corentin Tolisso
50%
Cornerstones 85 CB AS Roma Gianluca Mancini
50%
Cornerstones 87 CDM Arsenal Women Kim Little
50%
Cornerstones 85 CAM Bayer Leverkusen Malik Tillman
50%
Cornerstones 85 ST Al-Qadsiah Mateo Retegui
50%
Cornerstones 84 RW Tottenham Hotspur Mohamed Kudus
50%
Cornerstones 85 CDM Nottingham Forest Ryan Yates
50%
Cornerstones 86 CB RB Leipzig Willi Orbán
50%
Cornerstones 85 LM Chelsea Women Alyssa Thompson
25%
Cornerstones 83 CM Marseille Angel Gomes
25%
Cornerstones 84 GK Atlanta United Brad Guzan
25%
Cornerstones 83 CAM New England Revolution Carles Gil
25%
Cornerstones 84 LB Freiburg Christian Günter
25%
Cornerstones 83 CM Columbus Crew Darlington Nagbe
25%
Cornerstones 85 ST Man United Women Elisabeth Terland
25%
Cornerstones 84 RB PSG Féminines Jade Le Guilly
25%
Cornerstones 85 LW OL Lyonnes Jule Brand
25%
Cornerstones 84 CAM AS Monaco Maghnes Akliouche
25%
Cornerstones 83 CAM Rayo Vallecano Óscar Trejo
25%
Cornerstones 86 CB OL Lyonnes Wendie Renard
25%
Cornerstones 85 CDM NC Courage Denise O'Sullivan
0%
Cornerstones 83 CDM Portland Timbers Diego Chará
0%
Cornerstones 83 ST Granada Femenino Lauri
0%
Cornerstones 84 LB Freiburg Frauen Lisa Karl
0%
Cornerstones 83 CB Al-Fateh Marwane Saadane
0%
No matching quizzes found
Score Distribution
Percent of People with Each Score
Percentile by Number Answered
Your Score History
You have not taken this quiz since the last reset